| 000 | 00582nam a2200217Ia 4500 | ||
|---|---|---|---|
| 005 | 20260429111903.0 | ||
| 008 | 260429s9999||||xx |||||||||||||| ||und|| | ||
| 020 | _a9789390680788 | ||
| 041 | _aEnglish | ||
| 082 |
_a635 _bWES |
||
| 100 | _aWest, R. Barton | ||
| 245 | 0 |
_aPractical gardening for Indian amateurs / _cR. Barton West |
|
| 260 |
_aJaipur : _bHilltop Publications, _c2024. |
||
| 300 | _a379 p.; hb | ||
| 650 | _a Home gardening | ||
| 650 | _a Horticulture | ||
| 650 | _a Indian gardening | ||
| 650 | _a Ornamental plants | ||
| 650 | _aGardening | ||
| 942 | _cTB | ||
| 999 |
_c51282 _d51282 |
||